Miasta, które zyskały prawa miejskie po II Wojnie Światowej - Statystyki

Ogólne statystyki
  • Ten quiz został rozwiązany 27 razy
    17 od ostatniego zresetowania
  • Średni wynik to 109 z 354
Statystyki odpowiedzi
Rok Miasto % Poprawnych
1952 Ustrzyki Dolne
83%
Hel
75%
Jastarnia
75%
2017 Mielno
75%
1956 Ustroń
75%
1967 Ząbki
75%
Bogatynia
67%
Krynica Morska
67%
Marki
67%
Międzyzdroje
67%
Nowe Miasto
67%
Orzesze
67%
Piątek
67%
Rumia
67%
Ustka
67%
1961 Wisła
67%
Iwonicz-Zdrój
58%
Luboń
58%
Milanówek
58%
Opatówek
58%
Ożarów
58%
Ożarów Mazowiecki
58%
Pacanów
58%
Reda
58%
Wąchock
58%
1963 Władysławowo
58%
1960 Zielonka
58%
Annopol
50%
2008 Boguchwała
50%
Czechowice-Dziedzice
50%
Imielin
50%
Izbica
50%
Izbica Kujawska
50%
Jastrzębie-Zdrój
50%
Kamieńsk
50%
Konstancin-Jeziorna
50%
Łomianki
50%
Nowy Korczyn
50%
Nowy Wiśnicz
50%
Olsztyn
50%
Opatowiec
50%
1994 Osiek
50%
Piastów
50%
Pruszcz
50%
Świeradów-Zdrój
50%
Szklarska Poręba
50%
Szydłów
50%
1951 Tychy
50%
1977 Zagórz
50%
Alwernia
42%
Blachownia
42%
Borne Sulinowo
42%
1950 Brwinów
42%
Ciężkowice
42%
2000 Czchów
42%
2007 Daleszyce
42%
Dęblin
42%
Frampol
42%
Karpacz
42%
Kleszczele
42%
Knurów
42%
Krynki
42%
Kudowa-Zdrój
42%
Łagów
42%
Legionowo
42%
Leśna
42%
Łochów
42%
Nowa Sarzyna
42%
Nowe Brzesko
42%
1987 Nowogród Bobrzański
42%
Pilica
42%
Pionki
42%
Podkowa Leśna
42%
1946 Police
42%
2004 Prószków
42%
1953 Rabka-Zdrój
42%
1966 Ruciane-Nida
42%
Sanniki
42%
Siewierz
42%
Sulejówek
42%
Świdnik
42%
Świętochłowice
42%
Szczawnica
42%
Szczucin
42%
Szczyrk
42%
2003 Tarczyn
42%
1958 Ulanów
42%
Urzędów
42%
Wodzisław
42%
Wojnicz
42%
2006 Zakliczyn
42%
Bardo
33%
Białobrzegi
33%
1991 Bieruń
33%
2009 Bobowa
33%
2022 Bolimów
33%
Brzeg Dolny
33%
Brzeszcze
33%
Bukowno
33%
2015 Chocz
33%
Czarna Białostocka
33%
1993 Czarna Woda
33%
2020 Czerwińsk nad Wisłą
33%
Czerwionka
33%
2011 Czyżew
33%
Dąbrowa Białostocka
33%
Dynów
33%
Działoszyn
33%
Dziwnów
33%
Frombork
33%
Glinojeck
33%
Hajnówka
33%
Jabłonowo Pomorskie
33%
Jedlnia-Letnisko
33%
Kamieniec Ząbkowicki
33%
Kamionka
33%
Karczew
33%
Kobyłka
33%
Koluszki
33%
Kosów Lacki
33%
Kunów
33%
Lędziny
33%
Libiąż
33%
1983 Lipsk
33%
Lipsko
33%
Lubycza Królewska
33%
Lututów
33%
Małogoszcz
33%
Michałowo
33%
MIłomłyn
33%
Morawica
33%
Mrozy
33%
Nałęczów
33%
Nowa Słupia
33%
Nowe Skalmierzyce
33%
2005 Olszyna
33%
Otyń
33%
Ozimek
33%
Pasym
33%
Piaski
33%
Piekary Śląskie
33%
Pieńsk
33%
Pilawa
33%
Piława Górna
33%
Piotrków Kujawski
33%
Polanica-Zdrój
33%
1980 Połaniec
33%
Polkowice
33%
Poniatowa
33%
Pruchnik
33%
Puszczykowo
33%
Radzionków
33%
Rejowiec
33%
Ruda
33%
Rydułtowy
33%
Ryglice
33%
Sędziszów
33%
Sępopol
33%
Siechnice
33%
Skała
33%
Solec nad Wisłą
33%
1996 Sośnicowice
33%
Stąporków
33%
Stopnica
33%
Stronie Śląskie
33%
Suchedniów
33%
Suchowola
33%
Szczawno-Zdrój
33%
Szepietowo
33%
Tłuszcz
33%
Torzym
33%
Wiślica
33%
Wojkowice
33%
Wolbórz
33%
Żarów
33%
1969 Zawidów
33%
1989 Żukowo
33%
Zwierzyniec
33%
Bełżyce
25%
Bobolice
25%
Bodzentyn
25%
Brusy
25%
Bychawa
25%
Cegłów
25%
Chełmek
25%
Cybinka
25%
Czerwieńsk
25%
Dubiecko
25%
Gogolin
25%
2001 Halinów
25%
Iłowa
25%
Janikowo
25%
Jedlina-Zdrój
25%
Jelcz-Laskowice
25%
Józefów
25%
2018 Józefów nad Wisłą
25%
Kaczory
25%
Kalety
25%
1986 Kisielice
25%
Klimontów
25%
2010 Kołaczyce
25%
Kolonowskie
25%
Koprzywnica
25%
Korfantów
25%
Korsze
25%
2019 Koszyce
25%
Koziegłowy
25%
Krasnobród
25%
Kuźnia Raciborska
25%
Łaszczów
25%
Łęknica
25%
Lubniewice
25%
Lubowidz
25%
Lutomiersk
25%
Miasteczko Śląskie
25%
Myszków
25%
Myszyniec
25%
Narol
25%
Oborniki Śląskie
25%
Obrzycko
25%
Ogrodzieniec
25%
Oleśnica
25%
Oleszyce
25%
Opole Lubelskie
25%
Piechowice
25%
Pierzchnica
25%
Pieszyce
25%
Prusice
25%
Przysucha
25%
Pszów
25%
Radlin
25%
Radoszyce
25%
Rejowiec Fabryczny
25%
1959 Ruda Śląska
25%
Rzgów
25%
Siedliszcze
25%
Skępe
25%
Sławków
25%
Sochocin
25%
Sompolno
25%
Stepnica
25%
Sułkowice
25%
Sulmierzyce
25%
1997 Świątniki Górne
25%
Szczytna
25%
Tarnogród
25%
Tułowice
25%
Tykocin
25%
Wielbark
25%
Wiskitki
25%
1973 Wojcieszów
25%
Ząbkowice
25%
Zaklików
25%
1987 Zalewo
25%
Żarki
25%
Zawadzkie
25%
Zbąszynek
25%
Zdzieszowice
25%
Zelów
25%
Bielsko-Biała
17%
Bieżuń
17%
Brzostek
17%
2014 Dobrzyca
17%
Drobin
17%
Drzewica
17%
Głuszyca
17%
1990 Golczewo
17%
Gorce
17%
Gozdnica
17%
Iwaniska
17%
2016 Jaraczewo
17%
Jaworzyna Śląska
17%
Jedlicze
17%
Jeziorna
17%
Kazimierza Wielka
17%
Kędzierzyn
17%
Kępice
17%
Koźminek
17%
Krzanowice
17%
Łaskarzew
17%
Łaziska Górne
17%
Łazy
17%
Leszczyny
17%
Miłakowo
17%
Młynary
17%
1965 Mońki
17%
Mszana Dolna
17%
Nekla
17%
1947 Nowy Bytom
17%
Poręba
17%
Radłów
17%
1957 Ryki
17%
Świerzawa
17%
Tyszowce
17%
1984 Wąsosz
17%
Węgliniec
17%
Brzeziny Śląskie
8%
2021 Budzyń
8%
Chodaków
8%
Chwałowice
8%
Golub-Dobrzyń
8%
Goraj
8%
Gościno
8%
Grodziec
8%
Jeleń
8%
Kazimierz Górniczy
8%
Kostuchna
8%
Kraśnik Fabryczny
8%
Kunice Żarskie
8%
Łagisza
8%
Małomice
8%
Modliborzyce
8%
Murcki
8%
Niedobczyce
8%
Pajęczno
8%
Pieniężno
8%
Porąbka
8%
Przemków
8%
Skolimów-Konstancin
8%
Sławięcice
8%
Słupiec
8%
Sobięcin
8%
Sobieszów
8%
Strzemieszyce Wielkie
8%
Strzybnica
8%
Szopienice
8%
Tychowo
8%
Ursus
8%
Wesoła
8%
1949 Wirek
8%
Zagórze
8%
1945 Biały Kamień
0%
Boguszowice
0%
Brzozowice-Kamień
0%
Kłodnica
0%
1954 Łabędy
0%
Przecław
0%
Wydminy
0%
Nie znaleziono quizów pasujących do podanych kryteriów
Rozkład punktacji
Procent ludzi z każdym wynikiem
Percentyl według liczby udzielonych odpowiedzi
Twoja historia wyników
Nie rozwiązałeś tego quizu od ostatniego zresetowania